[Event "FIDE Online Olympiad"]
[Site "Chess.com"]
[Date "2020.07.25"]
[EventDate "2020.07.25"]
[Round "1"]
[Result "0-1"]
[White "Ilya Stetsenko"]
[Black "Angelo Etienne"]
[WhiteElo "1596"]
[BlackElo "1995"]
[PlyCount "90"]

1. d4 Nf6 2. c4 g6 3. Nc3 d5 4. cxd5 Nxd5 5. Na4 Nf6 6. Nf3 b6 7. Bf4 Bb7 8. e3
Nbd7 9. Rc1 Rc8 10. Be2 Bg7 11. h3 O-O 12. O-O c5 13. dxc5 Nxc5 14. Nxc5 bxc5
15. Qb3 Qb6 16. Qa3 Rfd8 17. Rfd1 Rxd1+ 18. Rxd1 Nh5 19. Be5 Bxf3 20. Bxf3 Bxe5
21. Bxh5 gxh5 22. b3 Bd6 23. Qc1 c4 24. bxc4 Qc5 25. e4 f6 26. Qh6 Qg5 27.
Qxg5+ fxg5 28. Rc1 Bf4 29. Rc2 h4 30. Kf1 Kf7 31. Ke2 Ke6 32. Kf3 h5 33. g3
hxg3 34. fxg3 Be5 35. c5 Bd4 36. c6 Kd6 37. h4 gxh4 38. gxh4 Rxc6 39. Rxc6+
Kxc6 40. Kf4 Kd6 41. Kg5 Ke5 42. Kxh5 Kxe4 43. Kg6 Kd5 44. h5 e5 45. h6 e4  0-1

[Event "FIDE Online Olympiad"]
[Site "Chess.com"]
[Date "2020.07.25"]
[EventDate "2020.07.25"]
[Round "1"]
[Result "0-1"]
[White "Jean Francois, Valencia"]
[Black "Thamara Sagastegui"]
[WhiteElo "1398"]
[BlackElo "1212"]
[PlyCount "94"]

1. e4 e5 2. Nf3 Nc6 3. Bc4 Bc5 4. d3 h6 5. Nc3 Nf6 6. O-O O-O 7. Bb5 d6 8. Bxc6
bxc6 9. d4 exd4 10. Nxd4 Bxd4 11. Qxd4 c5 12. Qe3 Qe7 13. Qf3 Bb7 14. Nd5 Nxd5
15. exd5 Qe5 16. Rd1 Rfe8 17. Bf4 Qf6 18. c3 Ba6 19. Re1 Re7 20. Qg3 Rae8 21.
Rxe7 Qxe7 22. h3 Qf6 23. Kh2 Bc4 24. Qf3 Qf5 25. b3 Bxd5 26. Qg3 Qf6 27. Rc1
Re4 28. Be3 a5 29. c4 Bc6 30. f4 Qe6 31. Re1 Qf5 32. Qg4 Qxg4 33. hxg4 a4 34.
Kg3 axb3 35. axb3 Re8 36. Kf2 Rb8 37. Rb1 Ba4 38. g5 Rxb3 39. Ra1 Rb4 40. gxh6
gxh6 41. Rc1 Bb3 42. Bd2 Rxc4 43. Re1 Kf8 44. g3 Rc2 45. Ke2 Bc4+ 46. Kd1 Ra2
47. Bc1 Bb3#  0-1

[Event "FIDE Online Olympiad"]
[Site "Chess.com"]
[Date "2020.07.25"]
[EventDate "2020.07.25"]
[Round "2"]
[Result "0-1"]
[White "Angelo Etienne"]
[Black "Ali Elier"]
[WhiteElo "1995"]
[BlackElo "2037"]
[PlyCount "40"]

1. d4 d5 2. c4 e6 3. Nc3 c5 4. cxd5 cxd4 5. Qxd4 Nc6 6. Qd1
exd5 7. Qxd5 Bd7 8. Bg5 Nf6 9. Qd2 Bb4 10. g3 Qa5 11. Bxf6
gxf6 12. O-O-O O-O-O 13. a3 Bf5 14. Qe3 Qxa3 15. Rd3 Qa1+
16. Kc2 Bxd3+ 17. exd3 Nd4+ 18. Kd2 Qxb2+ 19. Kd1 Qc2+ 20. Ke1
Bxc3+ 0-1

[Event "FIDE Online Olympiad"]
[Site "Chess.com"]
[Date "2020.07.25"]
[EventDate "2020.07.25"]
[Round "3"]
[Result "0-1"]
[White "Peter van den Brink"]
[Black "Mariano Ortega Amarelle"]
[WhiteElo "2180"]
[BlackElo "2482"]
[PlyCount "90"]

1. c4 c5 2. g3 Nc6 3. Bg2 g6 4. Nc3 Bg7 5. Nf3 d6 6. O-O e5
7. a3 a5 8. d3 Nge7 9. Ne1 O-O 10. Nc2 Be6 11. Ne3 h6 12. Bd2
Nd4 13. Rb1 Rb8 14. h3 Qd7 15. Kh2 b5 16. cxb5 Bb3 17. Qe1 a4
18. Ned5 Nxd5 19. Nxd5 Rxb5 20. Bc3 f5 21. f4 Qf7 22. Ne3 exf4
23. gxf4 Re8 24. Qf2 Qe6 25. Bd2 Kh7 26. Rfe1 Ba2 27. Ra1 Rxb2
28. Bc3 Rbb8 29. Nd1 Nc2 30. Bxg7 Kxg7 31. Nc3 Nxa1 32. Rxa1
Bb3 33. e4 Qf6 34. Rc1 Rf8 35. e5 dxe5 36. Qxc5 exf4 37. Nd5
Bxd5 38. Bxd5 Kh8 39. Kh1 Rbe8 40. d4 Re3 41. Bg2 Qe7 42. Qb5
Re1+ 43. Rxe1 Qxe1+ 44. Kh2 Qg3+ 45. Kg1 f3 0-1

[Event "FIDE Online Olympiad"]
[Site "Chess.com"]
[Date "2020.07.25"]
[EventDate "2020.07.25"]
[Round "3"]
[Result "0-1"]
[White "Loedi Gomes"]
[Black "Thamara Sagastegui"]
[WhiteElo "1070"]
[BlackElo "1212"]
[PlyCount "58"]

1. e4 e5 2. Nf3 Nc6 3. Bc4 Bc5 4. d3 Nf6 5. Nc3 h6 6. Be3 Bb6
7. d4 exd4 8. Nxd4 Nxd4 9. Bxd4 Qe7 10. Qd3 Bxd4 11. Qxd4 d6
12. O-O-O O-O 13. h3 Re8 14. Rhe1 Bd7 15. Nd5 Nxd5 16. exd5
Qd8 17. Rg1 a6 18. Bd3 Bb5 19. c4 Bd7 20. Bc2 Re5 21. Rge1 Qf6
22. f4 Rxe1 23. Rxe1 Qxd4 24. Re7 Qxf4+ 25. Kd1 Rd8 26. Re4
Qf1+ 27. Re1 Qxg2 28. Be4 Qxb2 29. Bf3 Ba4# 0-1

[Event "FIDE Online Olympiad"]
[Site "Chess.com"]
[Date "2020.07.25"]
[EventDate "2020.07.25"]
[Round "3"]
[Result "0-1"]
[White "Dien Thomas"]
[Black "Mohamed Othman Alkrnaf"]
[WhiteElo "1821"]
[BlackElo "1852"]
[PlyCount "78"]

1. e4 e5 2. Bc4 Nc6 3. a3 Bc5 4. Nf3 Nf6 5. d3 d6 6. h3 h6
7. O-O O-O 8. Nbd2 Be6 9. Bb5 Ne7 10. c3 c6 11. Ba4 Ng6
12. Re1 Qb6 13. d4 exd4 14. cxd4 Bxd4 15. Nxd4 Qxd4 16. Bc2
Ne5 17. Qe2 Qc5 18. Kh1 Qxc2 19. f4 Nd3 20. Rf1 Nxc1 21. Rfxc1
Nxe4 22. Qxe4 Qxd2 23. Rc2 Qd5 24. Qe2 Qf5 25. Rf1 Bd5 26. Rc3
Rfe8 27. Qd2 Qh5 28. Rg3 Re6 29. f5 Re5 30. Qc3 f6 31. Qb4 c5
32. Qb5 Rxf5 33. Re1 Re5 34. Rf1 Qh4 35. Rg4 Qxh3+ 36. Kg1
Qxg4 37. Rf2 Re1+ 38. Qf1 Rxf1+ 39. Kxf1 Qd1# 0-1

[Event "FIDE Online Olympiad"]
[Site "Chess.com"]
[Date "2020.07.25"]
[EventDate "2020.07.25"]
[Round "3"]
[Result "0-1"]
[White "Matthew Bailey"]
[Black "Jean Louis Marckens"]
[WhiteElo "1134"]
[BlackElo "2053"]
[PlyCount "96"]

1. d4 Nf6 2. c4 e6 3. Nc3 Bb4 4. Qc2 c5 5. dxc5 Qa5 6. Nf3
Bxc3+ 7. Qxc3 Qxc3+ 8. bxc3 Ne4 9. Bd2 Nc6 10. e3 Nxc5 11. Rb1
b6 12. Be2 Ba6 13. O-O Na5 14. Nd4 Nxc4 15. Rfd1 Nxd2 16. Rxd2
Ne4 17. Rc2 Bxe2 18. Nxe2 Ke7 19. f3 Nc5 20. Rd1 Rhc8 21. Kf2
Rc7 22. e4 f6 23. Rcd2 Rac8 24. Rd4 Rd8 25. Ke3 d6 26. g4 Rcd7
27. h4 d5 28. exd5 Rxd5 29. Rxd5 Rxd5 30. Rxd5 exd5 31. Kd4
Kd6 32. Nf4 Ne6+ 33. Nxe6 Kxe6 34. f4 g6 35. a3 a6 36. a4 Kd6
37. h5 gxh5 38. gxh5 h6 39. f5 b5 40. a5 Kc6 41. Kd3 Kc5
42. Kc2 d4 43. Kb3 d3 44. Kb2 Kc4 45. Kc1 Kxc3 46. Kd1 b4
47. Kc1 b3 48. Kb1 d2 0-1

[Event "FIDE Online Olympiad"]
[Site "Chess.com"]
[Date "2020.07.26"]
[EventDate "2020.07.25"]
[Round "4"]
[Result "0-1"]
[White "Manoj Kumar"]
[Black "Salim Al Amri Salim Mohammed"]
[WhiteElo "1968"]
[BlackElo "2032"]
[PlyCount "66"]

1. c4 e5 2. Nc3 Nf6 3. d3 d5 4. cxd5 Nxd5 5. Nf3 Nc6 6. g3 Be7
7. Bg2 Nb6 8. O-O O-O 9. Be3 Be6 10. a3 f6 11. b4 Qd7 12. Re1
Rad8 13. Ne4 Rfe8 14. Bc5 Bd6 15. Rc1 Ne7 16. Nxd6 cxd6
17. Be3 d5 18. Bc5 Na4 19. Bxe7 Rxe7 20. Qd2 d4 21. e3 dxe3
22. Qxe3 b6 23. Red1 Bd5 24. Qd2 Bf7 25. Qe3 Bh5 26. Rd2 Bg6
27. Nh4 Re6 28. Nxg6 hxg6 29. Bh3 f5 30. Bg2 Kf7 31. Rdc2 Qxd3
32. Qxd3 Rxd3 33. Bc6 Rxc6 0-1

[Event "FIDE Online Olympiad"]
[Site "Chess.com"]
[Date "2020.07.26"]
[EventDate "2020.07.25"]
[Round "4"]
[Result "0-1"]
[White "Mohammed Ahmed said Al Amri"]
[Black "Taione Sikivou"]
[WhiteElo "1588"]
[BlackElo "1865"]
[PlyCount "96"]

1. e4 c6 2. d4 d5 3. Nc3 dxe4 4. Nxe4 Bf5 5. Ng3 Bg6 6. Nf3
Nd7 7. h4 h6 8. Bc4 e6 9. h5 Bh7 10. Bd2 Ngf6 11. c3 Bd6
12. Be3 Nd5 13. Bxd5 cxd5 14. Qd2 Nb6 15. b3 Rc8 16. Ne2 O-O
17. Ne5 Qc7 18. Bf4 Nd7 19. Nxd7 Qxd7 20. Rh3 Kh8 21. Rg3 Rg8
22. Bxd6 Qxd6 23. Nf4 Rcd8 24. Kf1 b5 25. Re1 a5 26. Nd3 Bxd3+
27. Qxd3 b4 28. cxb4 Qxb4 29. Rf3 Rgf8 30. Kg1 Qxe1+ 31. Kh2
Qb4 32. Rg3 Qd6 33. Kg1 Rc8 34. Qe3 Qc7 35. Kh2 a4 36. bxa4
Ra8 37. Qa3 Rfd8 38. Kh3 Qd7 39. Kh2 Rxa4 40. Qb2 Rda8 41. Rb3
Qc7+ 42. g3 Rxa2 43. Qb1 Qc2 44. Rb8+ Rxb8 45. Qxb8+ Kh7
46. Qf4 Qxf2+ 47. Qxf2 Rxf2+ 48. Kh3 Rd2 0-1

[Event "FIDE Online Olympiad"]
[Site "Chess.com"]
[Date "2020.07.26"]
[EventDate "2020.07.25"]
[Round "4"]
[Result "0-1"]
[White "Gloria Sukhu"]
[Black "Wafia Al Ghafri"]
[WhiteElo "1411"]
[BlackElo "1495"]
[PlyCount "118"]

1. e4 c6 2. Nf3 d5 3. Bd3 Bg4 4. O-O Nf6 5. Nc3 e6 6. e5 Nfd7
7. Qe1 Bxf3 8. gxf3 Qh4 9. Kh1 Qf4 10. Ne2 Qxf3+ 11. Kg1 Nxe5
12. Ng3 Nxd3 13. cxd3 Qxd3 14. Qe5 Nd7 15. Qf4 Nf6 16. b3
O-O-O 17. Bb2 Bd6 18. Qg5 Qg6 19. Qxg6 hxg6 20. Kh1 Rh6 21. d3
Rdh8 22. Kg2 Rxh2+ 23. Kf3 Nd7 24. Bxg7 R8h4 25. d4 f6
26. Rae1 Bxg3 27. Rxe6 Bc7 28. Bxf6 Nxf6 29. Rxf6 Rxd4 30. Re1
b5 31. Rxc6 Kb7 32. Rec1 Rf4+ 33. Ke3 Rf7 34. Rxg6 Bb6+
35. Kd3 Rfxf2 36. Rg7+ Ka6 37. Rg6 b4 38. Rd1 Rxa2 39. Rxb6+
Kxb6 40. Ke3 Rab2 41. Rxd5 Rxb3+ 42. Kf4 a5 43. Rd6+ Kc5
44. Rd8 a4 45. Rc8+ Kd6 46. Rd8+ Kc7 47. Ra8 a3 48. Ra7+ Kb6
49. Rg7 a2 50. Rg1 Rb1 51. Rg6+ Kc5 52. Rg5+ Kd4 53. Ra5 a1=Q
54. Rxa1 Rxa1 55. Kg4 Rf1 56. Kg3 Rh8 57. Kg2 Rf7 58. Kg3 Rg8+
59. Kh4 Rh7# 0-1

[Event "FIDE Online Olympiad"]
[Site "Chess.com"]
[Date "2020.07.26"]
[EventDate "2020.07.25"]
[Round "4"]
[Result "0-1"]
[White "Rudr Prasad"]
[Black "Hamood Al Busaidi"]
[WhiteElo "1526"]
[BlackElo "1371"]
[PlyCount "152"]

1. e4 c5 2. Nf3 g6 3. d4 cxd4 4. Nxd4 Bg7 5. Nc3 Nc6 6. Be3
Nf6 7. Bb5 a6 8. Bd3 d6 9. f3 O-O 10. Qd2 Nd7 11. Nxc6 bxc6
12. Bh6 Rb8 13. O-O-O Qb6 14. b3 Qb4 15. Bxg7 Kxg7 16. h4 Nf6
17. g4 h5 18. gxh5 Nxh5 19. f4 f5 20. exf5 Bxf5 21. Bxf5 Rxf5
22. Rde1 d5 23. Qe3 Rb7 24. Ne2 Nxf4 25. Nxf4 Qxf4 26. Qxf4
Rxf4 27. h5 gxh5 28. Rxh5 Rf6 29. Rhe5 Kf7 30. Rh1 Ke8
31. Rhe1 Kf7 32. R1e2 Rd7 33. Kd2 e6 34. Kc3 c5 35. Kd3 Rf3+
36. R5e3 Rf6 37. Re5 Rd6 38. Kc3 Rf3+ 39. Kd2 Kf6 40. R5e3
Rxe3 41. Rxe3 e5 42. Kd3 e4+ 43. Kd2 Ke5 44. c3 Rf6 45. a3 a5
46. b4 axb4 47. axb4 cxb4 48. cxb4 d4 49. Re2 Rb6 50. Rh2 Kd5
51. Rh5+ Kc4 52. Rc5+ Kxb4 53. Rc8 Rb5 54. Re8 e3+ 55. Kd3 Rd5
56. Rc8 Kb5 57. Rc1 Rd6 58. Rc8 Rd5 59. Rc7 Rc5 60. Rd7 e2
61. Kxe2 Kc4 62. Kd2 Re5 63. Rc7+ Kd5 64. Rd7+ Ke4 65. Rc7 Re6
66. Rc4 Rd6 67. Ke2 Rg6 68. Kd2 Rg2+ 69. Ke1 Ke3 70. Kf1 Rf2+
71. Ke1 Rb2 72. Kf1 d3 73. Rc3 Rf2+ 74. Ke1 Rc2 75. Rxc2 dxc2
76. Kf1 c1=Q+ 0-1

[Event "FIDE Online Olympiad"]
[Site "Chess.com"]
[Date "2020.07.26"]
[EventDate "2020.07.25"]
[Round "5"]
[Result "0-1"]
[White "Myra Ollet"]
[Black "Htet Win Htet"]
[WhiteElo "1468"]
[BlackElo "1575"]
[PlyCount "70"]

1. d4 f5 2. c4 Nf6 3. Nc3 e6 4. b3 Be7 5. Nf3 O-O 6. e3 d6
7. Bb2 c6 8. Be2 Qc7 9. Qc2 e5 10. dxe5 dxe5 11. O-O-O e4
12. Nd4 a6 13. f3 c5 14. Nxf5 Bxf5 15. fxe4 Bg6 16. Bf3 Nc6
17. Nd5 Nxd5 18. Rxd5 Nb4 19. Qd2 Nxd5 20. cxd5 Rad8 21. Qc3
Bg5 22. h4 Bh6 23. e5 Qb6 24. e6 Rfe8 25. h5 Bf5 26. g4 Bxg4
27. Bxg4 Rxd5 28. Kb1 Qd6 29. e4 Rd3 30. Qc4 b5 31. Qc2 Rd2
32. Qc3 Rg2 33. Bf5 Rg3 34. Qe5 Qd3+ 35. Ka1 Rf3 0-1

[Event "FIDE Online Olympiad"]
[Site "Chess.com"]
[Date "2020.07.26"]
[EventDate "2020.07.25"]
[Round "5"]
[Result "0-1"]
[White "Shawal Sharikhan"]
[Black "Mohammed Ahmed said Al Amri"]
[WhiteElo "1793"]
[BlackElo "1588"]
[PlyCount "40"]

1. e4 e6 2. d4 b6 3. Bd3 Bb7 4. Nc3 Bb4 5. a3 Bxc3+ 6. bxc3
Nf6 7. Qe2 d5 8. e5 Ne4 9. Bxe4 dxe4 10. Be3 O-O 11. Nh3 Nc6
12. O-O Ne7 13. c4 Nf5 14. g4 Nxd4 15. Bxd4 Qxd4 16. Rad1 Qxe5
17. f4 Qc5+ 18. Nf2 e3 19. Nh1 Rad8 20. Ng3 Rd2 0-1

[Event "FIDE Online Olympiad"]
[Site "Chess.com"]
[Date "2020.07.26"]
[EventDate "2020.07.25"]
[Round "5"]
[Result "0-1"]
[White "Hamood Al Busaidi"]
[Black "Abdul Zahirul Zazali"]
[WhiteElo "1371"]
[BlackElo "1695"]
[PlyCount "72"]

1. e4 e5 2. d4 exd4 3. c3 dxc3 4. Bc4 d6 5. Nxc3 Nf6 6. Nf3
Nc6 7. O-O h6 8. Re1 Be7 9. Nd5 Nxd5 10. exd5 Nb8 11. Qe2 Nd7
12. Bd2 c6 13. Bc3 f6 14. Nd4 Ne5 15. Bb3 c5 16. Ne6 Bxe6
17. dxe6 Qc7 18. Bxe5 fxe5 19. Qh5+ Kd8 20. Red1 Rc8 21. Qxe5
Rg8 22. Rd2 a6 23. Rad1 Ke8 24. Bc2 dxe5 25. Bg6+ Kf8 26. Rd3
Rd8 27. Rd7 Rxd7 28. Rxd7 Qc6 29. Bf7 Rh8 30. Rd1 g5 31. g4
Rh7 32. Bg6 Qf3 33. Rd2 Qxg4+ 34. Kf1 Rg7 35. Bf7 Rxf7
36. exf7 Kxf7 0-1

[Event "FIDE Online Olympiad"]
[Site "Chess.com"]
[Date "2020.07.26"]
[EventDate "2020.07.25"]
[Round "6"]
[Result "0-1"]
[White "Azeem Makhdoomi Yousuf"]
[Black "Tun Nay Oo Kyaw"]
[WhiteElo "1779"]
[BlackElo "2406"]
[PlyCount "94"]

1. d4 d5 2. Nf3 Nf6 3. Bf4 c5 4. e3 Nc6 5. c3 Qb6 6. Qc1 Bf5
7. Nbd2 e6 8. h3 h6 9. Be2 Rc8 10. O-O Be7 11. Rd1 O-O 12. Nf1
Rfd8 13. Bd3 Bxd3 14. Rxd3 Ne4 15. Rd1 Bd6 16. Bxd6 Rxd6
17. N1d2 Nf6 18. Ne5 Rdd8 19. Ndf3 Ne4 20. Qc2 Qc7 21. a4 Qe7
22. a5 a6 23. Qb1 Qc7 24. Nxc6 Qxc6 25. Rc1 c4 26. Ne5 Qc7
27. f3 Nd2 28. Qa2 Nb3 29. f4 Nxc1 30. Rxc1 b6 31. axb6 Qxb6
32. Ra1 Rb8 33. Qa4 Qxb2 34. Qa5 Qb5 35. Qa3 Qb7 36. Kh2 Ra8
37. Qa5 Rdb8 38. Ra3 Qb6 39. Qa4 Qb5 40. Qc2 Qb2 41. Qa4 Qb5
42. Qc2 a5 43. f5 Qb1 44. Qa4 Qxf5 45. Nc6 Qg5 46. Nxb8 Rxb8
47. Qxa5 Rb2 0-1

[Event "FIDE Online Olympiad"]
[Site "Chess.com"]
[Date "2020.07.26"]
[EventDate "2020.07.25"]
[Round "6"]
[Result "0-1"]
[White "Ahmed Tasneem"]
[Black "Laet Nandar Su"]
[WhiteElo "1417"]
[BlackElo "1768"]
[PlyCount "106"]

1. e4 d6 2. d4 Nf6 3. Nc3 g6 4. Nf3 Bg7 5. h3 c6 6. Bd3 Nbd7
7. O-O e5 8. d5 O-O 9. Bc4 Nb6 10. Bb3 Bd7 11. Bg5 h6 12. Be3
cxd5 13. exd5 Rc8 14. a4 a6 15. a5 Nc4 16. Bxc4 Rxc4 17. Bb6
Qc8 18. Nd2 Rh4 19. Nf3 Rh5 20. Nh2 Bxh3 21. Qf3 Bg4 22. Nxg4
Nxg4 23. Ne4 Qd7 24. Ng3 Rg5 25. Be3 Nxe3 26. Qxe3 f5 27. f4
exf4 28. Qxf4 Qf7 29. Qxd6 f4 30. Ne4 Rxd5 31. Qa3 Bd4+
32. Nf2 Rg5 33. Qf3 Rg3 34. Qe4 Ba7 35. Kh2 Rg5 36. Nh3 Rh5
37. g4 Rh4 38. Kg2 Rxg4+ 39. Kh2 Rh4 40. Kg2 g5 41. Kh2 Qf5
42. Qxf5 Rxf5 43. Rg1 g4 44. Kg2 gxh3+ 45. Kf3+ Kf7 46. Rh1
Kf6 47. Ke4 Re5+ 48. Kd3 Kf5 49. Kc4 f3+ 50. Kd3 Re3+ 51. Kd2
Rd4+ 52. Kxe3 Rf4+ 53. Kd2 Kg4 0-1

[Event "FIDE Online Olympiad"]
[Site "Chess.com"]
[Date "2020.07.26"]
[EventDate "2020.07.25"]
[Round "4"]
[Result "0-1"]
[White "Ebrima Bah"]
[Black "Danilo Volpinari"]
[WhiteElo "2085"]
[BlackElo "1946"]
[PlyCount "52"]

1. c4  1... c6  2. d4 
2... d5  3. Nc3  3... Nf6  4.
Bd2  4... Bf5  5. c5  5...
Nbd7  6. Bf4  6... h6  7.
h3  7... g5  8. Bh2  8...
Bg7  9. e3  9... O-O  10.
Bd3  10... Bxd3  11. Qxd3 
11... Re8  12. Nf3  12... Nf8  13. Ne5  13... N6d7  14. f4
 14... e6  15. O-O  15... f5
 16. Kf2  16... Nxe5  17.
fxe5  17... Re7  18. g4 
18... fxg4  19. hxg4  19... Qe8  20. Ke2  20... Rc8  21. Rf3
 21... Rcc7  22. Raf1 
22... Rf7  23. Kd2  23... Rxf3  24. Rxf3  24... Rf7  25. Qf1
 25... Rxf3  26. Qf2 
26... Rxf2+   0-1

[Event "FIDE Online Olympiad"]
[Site "Chess.com"]
[Date "2020.07.26"]
[EventDate "2020.07.25"]
[Round "4"]
[Result "0-1"]
[White "Mashala Kabamwanishi"]
[Black "Faisal Khairallah"]
[WhiteElo "1856"]
[BlackElo "2226"]
[PlyCount "74"]

1. e4  1... c5  2. Nf3  2...
Nc6  3. g3  3... g6  4.
Bg2  4... Bg7  5. O-O 
5... d6  6. d3  6... Nf6 
7. Nc3  7... O-O  8. Nh4  8...
Rb8  9. f4  9... Nd4  10. f5
 10... b5  11. Ne2  11...
Nd7  12. Nf3  12... Nxf3+ 
13. Bxf3  13... Ne5  14. Bg2  14... e6  15. fxe6  15... fxe6
 16. Nf4  16... Qb6  17.
Kh1  17... Bd7  18. c3 
18... b4  19. Bh3  19... bxc3  20. bxc3  20... Rfe8  21. Rf2
 21... Qa5  22. Qc2  22...
Re7  23. d4  23... cxd4 
24. cxd4  24... Nc6  25. Nxe6  25... Bxe6  26. Bxe6+  26...
Rxe6  27. Qxc6  27... Bxd4  28. Qd7  28... Qe5  29. Qf7+
 29... Kh8  30. Bf4  30...
Qxe4+  31. Kg1  31... Bxa1  32. Bh6  32... Rb1+  33. Rf1
 33... Bd4+ {[%clk 0:01:52.4] <br /><br /><em>Game may have
continued...</em>} (33... Bd4+ 34. Be3 Bxe3+ 35. Qf2 Bxf2+ 36. Kxf2 Rf6+ 37. Kg1
{-M4})  0-1

[Event "FIDE Online Olympiad"]
[Site "Chess.com"]
[Date "2020.07.26"]
[EventDate "2020.07.25"]
[Round "5"]
[Result "0-1"]
[White "Rania Alsalti"]
[Black "Maya Jalloul"]
[WhiteElo "1287"]
[BlackElo "1876"]
[PlyCount "46"]

1. d4 Nf6 2. Nc3 d6 3. e4 g6 4. Bc4 Bg7 5. Bf4 O-O 6. Nf3 Nbd7 7. O-O c5 8. d5
a6 9. Re1 b5 10. Be2 b4 11. Na4 Nxe4 12. Bd3 Nef6 13. Ng5 h6 14. Ne4 Nxd5 15.
Qd2 Nxf4 16. Qxf4 Ne5 17. b3 Nxd3 18. cxd3 Bxa1 19. Rxa1 Kg7 20. Qf3 e5 21.
Nexc5 Rb8 22. Qe3 Qe7 23. d4 dxc5  0-1

[Event "FIDE Online Olympiad"]
[Site "Chess.com"]
[Date "2020.07.26"]
[EventDate "2020.07.25"]
[Round "5"]
[Result "0-1"]
[White "Halima Hammadi"]
[Black "Nour Assoum"]
[WhiteElo "1181"]
[BlackElo "1400"]
[PlyCount "66"]

1. Nf3 Nc6 2. Nc3 e5 3. e4 Nf6 4. d3 Bc5 5. Be3 d6 6. Be2 Be6 7. O-O Ng4 8. h3
Nxe3 9. fxe3 Bxe3+ 10. Kh1 Qd7 11. Nd5 Bxd5 12. exd5 Ne7 13. c4 Nf5 14. Qe1 Bf4
15. Nh4 Ng3+ 16. Kg1 Nxf1 17. Qxf1 h5 18. Rd1 g5 19. Nf3 g4 20. hxg4 hxg4 21.
Nh2 Bxh2+ 22. Kf2 Qf5+ 23. Ke1 Qg5 24. d4 Bg3+ 25. Qf2 Bxf2+ 26. Kxf2 Qf4+ 27.
Ke1 Rh1+ 28. Bf1 Qxf1+ 29. Kd2 Qxd1+ 30. Kc3 exd4+ 31. Kb4 Qd2+ 32. Ka3 a5 33.
Ka4 Qb4#  0-1

[Event "FIDE Online Olympiad"]
[Site "Chess.com"]
[Date "2020.07.26"]
[EventDate "2020.07.25"]
[Round "5"]
[Result "0-1"]
[White "Dieudonne Muheto"]
[Black "Bakary Traore"]
[WhiteElo "1802"]
[BlackElo "2145"]
[PlyCount "50"]

1. d4 Nf6 2. Nf3 e6 3. Bf4 d5 4. e3 Bd6 5. c3 O-O 6. Nbd2 c5 7. dxc5 Bxc5 8.
Bd3 Nc6 9. O-O Re8 10. Ne5 Bd6 11. Ndf3 Qc7 12. Nxc6 bxc6 13. Bg5 e5 14. Bxf6
gxf6 15. Bc2 Rb8 16. Ne1 e4 17. f3 Bxh2+ 18. Kh1 Bg3 19. f4 Rxb2 20. Qc1 Qb6
21. Bb3 Re2 22. Nc2 f5 23. Nd4 c5 24. Nxe2 Qh6+ 25. Kg1 Qh2#  0-1

[Event "FIDE Online Olympiad"]
[Site "Chess.com"]
[Date "2020.07.26"]
[EventDate "2020.07.25"]
[Round "5"]
[Result "0-1"]
[White "Ezio Righi"]
[Black "Bongo Akanga Ndjila, Barthelemy"]
[WhiteElo "1994"]
[BlackElo "1887"]
[PlyCount "98"]

1. e4 d6 2. d4 Nf6 3. Nc3 c6 4. h3 Qa5 5. Bd3 e5 6. Nf3 Nbd7 7. O-O Be7 8. a3
O-O 9. Be3 Qc7 10. Qd2 Re8 11. Rad1 b5 12. Rfe1 Bb7 13. Nh2 a5 14. f3 Bf8 15.
Ng4 Nh5 16. Bf1 Rad8 17. Qf2 b4 18. Na4 d5 19. exd5 cxd5 20. dxe5 bxa3 21. bxa3
Qc6 22. Nb6 Nxb6 23. Bxb6 Ra8 24. Bd4 Bxa3 25. Qh4 g6 26. Nh6+ Kf8 27. Nf5 Kg8
28. Qg5 Bf8 29. Nh6+ Bxh6 30. Qxh6 Qe6 31. Ra1 Ng7 32. Qd2 Nf5 33. c3 a4 34.
Bb5 Bc6 35. Bxc6 Qxc6 36. g4 Nxd4 37. cxd4 a3 38. Rec1 Qa6 39. Ra2 Re7 40. Rc3
Rea7 41. Kg2 Qb5 42. Qc1 Qb4 43. Rcxa3 Rxa3 44. Rxa3 Qxa3 45. Qc6 Qa5 46. g5
Rd8 47. Kg3 Qe1+ 48. Kg4 Qg1+ 49. Kf4 Qxd4+  0-1

[Event "FIDE Online Olympiad"]
[Site "Chess.com"]
[Date "2020.07.26"]
[EventDate "2020.07.25"]
[Round "5"]
[Result "0-1"]
[White "Alessandro Vivoli"]
[Black "Bongo Ngombele, Tary"]
[WhiteElo "1382"]
[BlackElo "1688"]
[PlyCount "148"]

1. e4 e5 2. Nf3 Nc6 3. Bb5 a6 4. Ba4 Nf6 5. O-O Be7 6. Re1 b5 7. Bb3 d6 8. h3
Na5 9. c3 Nxb3 10. axb3 Bb7 11. d3 c5 12. Nbd2 O-O 13. Nf1 c4 14. bxc4 bxc4 15.
Ng3 Qc7 16. Be3 Rfc8 17. Qc2 Qc6 18. Nd2 cxd3 19. Qxd3 Nd7 20. Nf5 Bf8 21. Qe2
Rc7 22. Bg5 g6 23. Nh6+ Kg7 24. Qf3 f6 25. Be3 Nc5 26. Bxc5 Qxc5 27. Ng4 f5 28.
Ne3 f4 29. Nd5 Bxd5 30. exd5 Qb5 31. Rab1 Rac8 32. Red1 Re7 33. Ne4 Rf7 34. Ng5
Re7 35. Ne6+ Rxe6 36. dxe6 Qe8 37. Qd5 Kf6 38. Kf1 Qxe6 39. Qxe6+ Kxe6 40. Ra1
Rc6 41. Ra4 d5 42. Rxf4 exf4 43. Rd4 Ke5 44. Ke2 Rb6 45. Kf3 g5 46. g4 Rxb2 47.
Ra4 Rb6 48. Ke2 Rc6 49. Kd3 Rc4 50. Rxa6 Bc5 51. f3 Be3 52. Ra7 h6 53. Rh7 Rc5
54. Rxh6 d4 55. cxd4+ Bxd4 56. Rg6 Rc3+ 57. Ke2 Re3+ 58. Kf2 Rd3+ 59. Ke2 Re3+
60. Kf2 Ra3+ 61. Ke2 Ra2+ 62. Kd3 Be3 63. Rxg5+ Kf6 64. Rf5+ Kg6 65. Ke4 Ra4+
66. Kd3 Ra3+ 67. Ke2 Ra2+ 68. Kd3 Rh2 69. Rh5 Rf2 70. Ke4 Re2 71. Kd3 Rd2+ 72.
Ke4 Rf2 73. Kd3 Rxf3 74. Ke4 Rf2  0-1

[Event "FIDE Online Olympiad"]
[Site "Chess.com"]
[Date "2020.07.26"]
[EventDate "2020.07.25"]
[Round "6"]
[Result "0-1"]
[White "Bongo Akanga Ndjila, Barthelemy"]
[Black "Jallah Jacob"]
[WhiteElo "1887"]
[BlackElo "1902"]
[PlyCount "144"]

1. d4 Nf6 2. c4 g6 3. Nc3 Bg7 4. Nf3 d5 5. cxd5 Nxd5 6. Bd2 O-O 7. e4 Nf6 8. h3
h6 9. Bc4 b6 10. e5 Ne8 11. Bd5 c6 12. Bb3 Ba6 13. Qc2 e6 14. Ne4 Nc7 15. Nd6
Nd5 16. Bc4 Bxc4 17. Qxc4 a5 18. a4 f6 19. Qd3 Kh7 20. Nh4 f5 21. Nf3 Nd7 22.
O-O c5 23. Nb5 cxd4 24. Nbxd4 Nc5 25. Qe2 Re8 26. Rfd1 Rc8 27. Nb5 Ne4 28. b4
Rc2 29. Qd3 Rxd2 30. Rxd2 Nxd2 31. Qxd2 Nxb4 32. Nd6 Re7 33. Rc1 Rc7 34. Rc3
Nd5 35. Rxc7 Qxc7 36. Nb5 Qc4 37. Nbd4 Qxa4 38. Nxe6 Qa1+ 39. Kh2 Bxe5+ 40. g3
Nf6 41. Qd8 Nh5 42. Nf8+ Kg7 43. Qe7+ Kg8 44. Nxe5 Qa2 45. Kg2 Qd5+ 46. Nf3 Qf7
47. Nxg6 Qxg6 48. Ne5 Qg7 49. Qd8+ Kh7 50. Nf3 Qb7 51. Qd3 Ng7 52. g4 Kg6 53.
gxf5+ Nxf5 54. Kg1 Kf6 55. Qc3+ Kg6 56. Qd3 Kf6 57. Qc3+ Kg6 58. Ne5+ Kh7 59.
Qd3 Qg7+ 60. Ng4 Qg6 61. Qd7+ Ng7 62. Kh2 h5 63. Ne5 Qf5 64. Qxf5+ Nxf5 65. Nc4
a4 66. Na3 Nd4 67. Kg2 b5 68. f3 b4 69. Nc4 a3 70. Nd2 a2 71. Kf2 a1=Q 72. Ke3
Qc3+  0-1

[Event "FIDE Online Olympiad"]
[Site "Chess.com"]
[Date "2020.07.26"]
[EventDate "2020.07.25"]
[Round "6"]
[Result "0-1"]
[White "Mashala Kabamwanishi"]
[Black "Wilfried Ntamatungiro"]
[WhiteElo "1856"]
[BlackElo "1720"]
[PlyCount "48"]

1. e4 d5 2. exd5 Nf6 3. c4 e6 4. dxe6 Bxe6 5. d4 Bb4+ 6. Bd2 Qe7 7. Bxb4 Qxb4+
8. Qd2 Qe7 9. Qe2 Nc6 10. Nf3 O-O-O 11. d5 Nb4 12. a3 Nbxd5 13. cxd5 Nxd5 14.
g3 Qc5 15. Qc4 Qd6 16. Nbd2 Ne3 17. Qc3 Nxf1 18. Rxf1 Bh3 19. O-O-O Bxf1 20.
Rxf1 Rhe8 21. Kb1 Re2 22. Kc1 g5 23. Kb1 Rxd2 24. Kc1 Rd1+  0-1

[Event "FIDE Online Olympiad"]
[Site "Chess.com"]
[Date "2020.07.26"]
[EventDate "2020.07.25"]
[Round "6"]
[Result "0-1"]
[White "Al-Qassabi, Mohammed Mansour M B"]
[Black "Maroun Tomb"]
[WhiteElo "1216"]
[BlackElo "2177"]
[PlyCount "72"]

1. e4 d6 2. d4 Nf6 3. Nc3 e5 4. dxe5 dxe5 5. Qxd8+ Kxd8 6. Nf3 Bd6 7. Bg5 Nbd7
8. Nd5 h6 9. Bxf6+ Nxf6 10. Nxf6 gxf6 11. Bc4 Be6 12. Bb3 a5 13. c3 a4 14. Bxe6
fxe6 15. O-O h5 16. Nh4 Rg8 17. f3 Bc5+ 18. Kh1 Ke7 19. Rad1 Rad8 20. g3 b5 21.
a3 Be3 22. Ng2 Bd2 23. Kg1 Rd6 24. Kf2 Rgd8 25. Ke2 f5 26. exf5 exf5 27. f4 e4
28. Kf2 Ke6 29. Kg1 c5 30. Nh4 Be3+ 31. Kg2 Rxd1 32. Rxd1 Rxd1 33. Ng6 Rd2+ 34.
Kh3 Bg1 35. Kh4 Kf6 36. Nf8 Rxh2#  0-1